|
|
|
|
| LEADER |
00000 a a2200000 04500 |
| 001 |
25612 |
| 003 |
|
| 040 |
|
|
|
| 090 |
|
|
|a 172506
|
| 110 |
|
|
|a Egypt. Ministry of Foreign Affairs
|
| 245 |
|
|
|a African Latin American dialogue, seminar III /
|c Egypt. Ministry of Foreign Affairs
|
| 260 |
|
|
|a Cairo:
|b IDS
|
| 300 |
|
|
|a 315 p
|
| 710 |
|
|
|a Institute of Diplomatic Studies
|
| 999 |
|
|
|c 10881
|d 10881
|